000 01042naa a22002777a 4500
001 BR7502380
003 BR-BrBNA
005 20240918173724.0
007 ta
008 230509b bl.||||| |||| 00| 0 por d
040 _aBR-BrBNA
_bpor
_cBiblioteca Nacional de Agricultura
041 _a(Pt)
072 _aM00; E30
_b9800
_b8100
090 _aM00 BR7502380
100 1 _aJackson, R.I.
245 1 _aA pesca e o futuro abastecimento mundial de alimentos
260 3 _aSao Paulo, SP (Brasil):
_c1975.
500 _aRothschild, B.J. (comp.) A pesca: seus recursos e interesses nacionais Sao Paulo, SP (Brasil): 1975. p. 22-32 (BR7502380-AM)M00
650 _aPesca
650 _aSuprimento de alimento
650 _aPeixe
650 _aAdministracao pesqueira
773 0 _tA pesca: seus recursos e interesses nacionais
_aRothschild, B.J. (comp.). Instituicao Brasileira de Difusao Cultural S.A., Sao Paulo, SP
_wM00 BR7502380
_gSao Paulo, SP (Brasil), 1975. p. 22-32
909 _a202404
_bLucia
_c55
_dLucia Elande
942 _cAM
_2AGRIS
999 _c306440
_d306440